Mine Boy. (Record no. 7000)

000 -LEADER
fixed length control field 00427nam a2200133 4500
008 - FIXED-LENGTH DATA ELEMENTS--GENERAL INFORMATION
fixed length control field 151001b xxu||||| |||| 00| 0 eng d
020 ## - INTERNATIONAL STANDARD BOOK NUMBER
International Standard Book Number 9789966469007
050 ## - LIBRARY OF CONGRESS CALL NUMBER
Classification number AFR PR 9368 .A2M5 1963
100 ## - MAIN ENTRY--PERSONAL NAME
Personal name Abrahams, Peter,
Dates associated with a name 1963.
245 ## - TITLE STATEMENT
Title Mine Boy.
Statement of responsibility, etc. Peter Abrahams.
260 ## - PUBLICATION, DISTRIBUTION, ETC. (IMPRINT)
Place of publication, distribution, etc. Nairobi:
Name of publisher, distributor, etc. East African publishers,
Date of publication, distribution, etc. 1963.
300 ## - PHYSICAL DESCRIPTION
Extent 184 p.: ill.
942 ## - ADDED ENTRY ELEMENTS (KOHA)
Source of classification or shelving scheme
Koha item type Hard Covered Materials
Classification part AFR PR 9368 .A2M5 1963
Koha issues (borrowed), all copies 7
Holdings
Withdrawn status Lost status Source of classification or shelving scheme Damaged status Not for loan Home library Current library Date acquired Source of acquisition Total Checkouts Full call number Barcode Date last seen Date last checked out Price effective from Koha item type Shelving location Cost, normal purchase price
          MACHAKOS UNIVERSITY LIBRARY MACHAKOS UNIVERSITY LIBRARY 01/10/2015 Donation(B.F.A) 4 AFR PR 9368 .A2M5 1963 12920 05/06/2019 16/01/2018 01/10/2015 Hard Covered Materials    
          MACHAKOS UNIVERSITY LIBRARY MACHAKOS UNIVERSITY LIBRARY 01/10/2015 Donation(B.F.A) 1 PR 9368 .A2M5 1963 12919 06/02/2018 06/02/2018 01/10/2015 Hard Covered Materials    
          MACHAKOS UNIVERSITY LIBRARY MACHAKOS UNIVERSITY LIBRARY 05/12/2017 PURCHASE (TEXTBOOK) 2 AFR PR 9368 .A2M5 2017 37480 22/03/2018 22/03/2018 05/12/2017 Africana (Books) Africana 493.00
          MACHAKOS UNIVERSITY LIBRARY MACHAKOS UNIVERSITY LIBRARY 05/12/2017 PURCHASE (TEXTBOOK)   AFR PR 9368 .A2M5 2017 37481 05/12/2017   05/12/2017 Africana (Books) Africana 493.00
          MACHAKOS UNIVERSITY LIBRARY MACHAKOS UNIVERSITY LIBRARY 05/12/2017 PURCHASE (TEXTBOOK) 1 AFR PR 9368 .A2M5 2017 37479 15/04/2025 15/04/2025 05/12/2017 Hard Covered Materials Africana 493.00
© Machakos University Library, Along The Highway, Machakos Wote Rd, Machakos, Kenya P.O. Box 136 - 90100 Machakos - Kenya

Tel: ( +254 ) 723 805829 OR Fax : 044-20353 OR Email: library@mksu.ac.ke